000 00338nam a22001217a 4500
999 _c9432
_d9432
003 OSt
008 201203b ||||| |||| 00| 0 eng d
245 _aNew Cloth Market
250 _a2013( Apr Vol.27 No.4, May Vol.27 No.5, Jun Vol.27 No.6, Jul Vol.27 No.7 )
260 _aAhmedabad
_bIIMS
650 _aTextile Engineering
942 _2ddc
_cBV